Marco Conceitual sobre Genero e Conservacao com Base Comunitária /

Sparad:
Bibliografiska uppgifter
Huvudupphovsman: Schmink, Marianne
Materialtyp: Text
Språk:Spanish
Publicerad: University of Florida
Ämnen:
Taggar: Lägg till en tagg
Inga taggar, Lägg till första taggen!

MARC

LEADER 00000 a a2200000 04500
001 33544
003 cru CIDCACS/IIS
005 20170908153438.0
008 170908b xxu||||| |||| 00| 0 spa d
999 |c 278  |d 278 
040 |c IDCACS/IIS 
090 |a 05.03.03 S291m  
100 |a Schmink, Marianne  
245 |a Marco Conceitual sobre Genero e Conservacao com Base Comunitária /   |c Marianne Schmink 
260 |a University of Florida  
300 |a 14 páginas 
650 |a GENERO  
650 |a CONSERVACION DE RECURSOS  
650 |a ACCION COLECTIVA  
650 |a PARTICIPACION COMUNITARIA  
942 |2 ddc  |c LI